000 01461nam a2200397 c 4500
001 19082
003 ES-MaCES
005 20180118122041.0
008 060719s2006 lu d m000 | eng d
020 _a9289709324
035 _aCES20060008918m
040 _aES-MaCES
_bspa
_cES-MaCES
100 1 _aCorral, Antonio
_910005
245 1 0 _aSupport measures for business creation following restructuring
_c[authors, Antonio Corral, Iñigo Isusi, Jennifer Stack]
260 _aLuxembourg
_bOffice for Official Publications of the European Communities
_c2006
300 _aVII, 65 p.
_c30 cm
500 _aPrecede al tít.: European Foundation for the Improvement of Living and Working Conditions
504 _aBibliografía: p. 63-65
541 _cGratuito
650 4 _acreación de empresa
_930016
650 4 _areestructuración empresarial
_930602
650 4 _ared de apoyo empresarial
_930593
650 4 _aestudio de casos
_928846
650 4 _arepertorio de recomendaciones prácticas
_929261
653 1 0 _aEmpresa
650 4 _928178
_aempresa
650 4 _930601
_aestrategia empresarial
650 4 _929020
_apaís de la UE
650 4 _926752
_aUE
700 1 _aIsusi, Iñigo
_915244
700 1 _aStack, Jennifer
_924384
710 2 _93819
_aFundación Europea para la Mejora de las Condiciones de Vida y de Trabajo
902 _aDOC Literatura gris
942 _2CES
_cBK
_h0.0.
999 _c19082
_d19082